Szpaku & Kubi Producent - Dzieci Duchy - Statystyki

Ogólne statystyki
  • Ten quiz został rozwiązany 60 razy
  • Średni wynik to 12 z 15
Statystyki odpowiedzi
Numer Gość Utwór % Poprawnych
1 Dzieci Duchy
90%
2 Kochaj Mnie
88%
4 Bedoes Na Osiedlu
88%
7 Paluch i Sarius Stare Graffiti
88%
5 Ćmy
86%
10 Tymek OVERHYPE9000
84%
9 Coals Hello Kitty
80%
3 Noc Polarna
80%
6 Pająki
76%
15 Koniec
73%
8 Białas i Kaz Bałagane KABZZLOOK
71%
12 Rolex Mateusz Dragon Wielki
69%
13 FREESTYLE
67%
11 Pali Się
65%
14 Umrzyj Ze Mną
63%
Nie znaleziono quizów pasujących do podanych kryteriów
Rozkład punktacji
Procent ludzi z każdym wynikiem
Percentyl według liczby udzielonych odpowiedzi
Twoja historia wyników
Nie rozwiązałeś tego quizu